| 000 | 00536cam a22002291 4500 | ||
|---|---|---|---|
| 001 | sa 68014038 | ||
| 003 | DLC | ||
| 005 | 20260227112628.0 | ||
| 008 | 941101s1964 ce a 000 0 sino | ||
| 010 | _asa 68014038 | ||
| 025 | _aPL480:C-131 | ||
| 035 | _a(OCoLC)31390544 | ||
| 040 |
_aDLC _cCU _dCU _dDLC |
||
| 042 | _apremarc | ||
| 050 | 0 | 0 |
_aTT877 _b.C36 |
| 100 | 1 | _aCandradāsa, A. | |
| 245 | 1 | 0 | _aGok kalāva. |
| 260 | _c[1964] | ||
| 300 |
_avi, 223 p. _billus. _c22 cm. |
||
| 500 | _aIn Sinhalese. | ||
| 650 | 0 | _aRush-work. | |
| 999 |
_c85522 _d85522 |
||